LIBRARY & INFORMATION CENTRE, KCAET, TAVANUR

ONLINE PUBLIC ACCESS CATALOGUE (OPAC)

Assessment of roof water harvesting potential and recharge pit design (Record no. 15207)

MARC details
000 -LEADER
fixed length control field 00668nam a22001937a 4500
003 - CONTROL NUMBER IDENTIFIER
control field OSt
088 ## - REPORT NUMBER
Report number P 141
100 ## - MAIN ENTRY--AUTHOR NAME
Personal name JYOTHISSON GEORGE
245 ## - TITLE STATEMENT
Title Assessment of roof water harvesting potential and recharge pit design
260 ## - PUBLICATION, DISTRIBUTION, ETC. (IMPRINT)
Place of publication Tavanur 2004
Name of publisher Kelappaji College of Agricultural Engineering and Technology
300 ## - PHYSICAL DESCRIPTION
Number of Pages 60
500 ## - GENERAL NOTE
General note Assessment of roof water harvesting potential and recharge pit design
520 ## - SUMMARY, ETC.
Summary, etc Assessment of roof water harvesting potential and recharge pit design
700 ## - ADDED ENTRY--PERSONAL NAME
Personal name Lakshmidevi S
700 ## - ADDED ENTRY--PERSONAL NAME
Personal name Sreesha P
700 ## - ADDED ENTRY--PERSONAL NAME
Personal name Er. Shyla Joseph (Guide)
942 ## - ADDED ENTRY ELEMENTS (KOHA)
Koha item type Project Report
Holdings
Collection code Home library Current library Shelving location Full call number Accession Number Koha item type
Reference KAUAET KAUAET Reference 631.75807 JYO/AS P 141 Project Report
free website counter